Analiz primenenija IT v processe obučenija
Informačné technológie ako predmet vzdelávania. Informácie a ich miesto vo vzdelávaní. Informačné technológie ako nástroj vzdelávania a riadenia. Metódy a formy vzdelávania prostredníctvom IT. Spätná väzba. Medzinárodná spolupráca vysokých škôl. Osobnosť a virtuálny svet. Informačná bezpečnosť.
Salvato in:
| Autore principale: | |
|---|---|
| Natura: | Capitolo di libro |
| Lingua: | russo |
| Soggetti: | |
| Tags: |
Nessun Tag, puoi essere il primo ad aggiungerne!!
|
MARC
| LEADER | 00000naa$a2200000$$$4500 | ||
|---|---|---|---|
| 001 | 0152799 | ||
| 005 | 20240502083348.1 | ||
| 041 | 0 | |a rus | |
| 044 | |a RU | ||
| 245 | 1 | 0 | |a Analiz primenenija IT v processe obučenija |c J. Kultan |
| 520 | |a Informačné technológie ako predmet vzdelávania. Informácie a ich miesto vo vzdelávaní. Informačné technológie ako nástroj vzdelávania a riadenia. Metódy a formy vzdelávania prostredníctvom IT. Spätná väzba. Medzinárodná spolupráca vysokých škôl. Osobnosť a virtuálny svet. Informačná bezpečnosť. | ||
| 610 | 2 | 0 | |a technológie informačné |
| 610 | 2 | 0 | |a technológie komunikačné |
| 610 | 2 | 0 | |a vzdelávanie |
| 610 | 2 | 0 | |a školy vysoké |
| 610 | 2 | 0 | |a kvalita vzdelávania |
| 610 | 2 | 0 | |a bezpečnosť informačná |
| 100 | 1 | |a Kultan, Jaroslav, 1960- | |